ბათუმის შოთა რუსთაველის სახელმწიფო უნივერსიტეტის ბიბლიოთეკა

საბოსტნე პარკოსანი კულტურები. (ბიბ.ჩანაწერი № 44715)

000 -LEADER
fixed length control field 00763nam a2200217Ia 4500
001 - CONTROL NUMBER
control field 11520
003 - CONTROL NUMBER IDENTIFIER
control field GE_BSU
008 - FIXED-LENGTH DATA ELEMENTS--GENERAL INFORMATION
fixed length control field 181216s||||||||xx |||||||||||||| ||und||
040 ## - CATALOGING SOURCE
Transcribing agency GE_BSU
080 ## - UNIVERSAL DECIMAL CLASSIFICATION NUMBER
Universal Decimal Classification number 635.6
100 ## - MAIN ENTRY--PERSONAL NAME
Personal name ობოლაძე,შოთა.
245 ## - TITLE STATEMENT
Title საბოსტნე პარკოსანი კულტურები.
245 ## - TITLE STATEMENT
Statement of responsibility, etc. რედ:ო.ცინცაძე; მხატვ:გ.ქოქიაშვილი.
260 ## - PUBLICATION, DISTRIBUTION, ETC.
Place of publication, distribution, etc. თბილისი.
260 ## - PUBLICATION, DISTRIBUTION, ETC.
Name of publisher, distributor, etc. საბჭოთა საქართველო.
260 ## - PUBLICATION, DISTRIBUTION, ETC.
Date of publication, distribution, etc. 1984.
300 ## - PHYSICAL DESCRIPTION
Extent 200გვ;20სმ.
300 ## - PHYSICAL DESCRIPTION
Accompanying material ილ;ცხრ.
653 ## - INDEX TERM--UNCONTROLLED
Uncontrolled term საბოსტნე პარკოსანი კულტურები.
942 ## - ADDED ENTRY ELEMENTS (KOHA)
Koha item type წიგნი
ეგზემპლარები
Withdrawn status Lost status Damaged status Not for loan Date acquired Barcode Date last seen Price effective from Koha item type
        2018-12-17 20059 2018-12-17 2018-12-17 წიგნი
        2018-12-17 20060 2018-12-17 2018-12-17 წიგნი
        2018-12-17 20061 2018-12-17 2018-12-17 წიგნი
        2018-12-17 20062 2018-12-17 2018-12-17 წიგნი
        2018-12-17 20063 2018-12-17 2018-12-17 წიგნი
        2018-12-17 20064 2018-12-17 2018-12-17 წიგნი
        2018-12-17 20065 2018-12-17 2018-12-17 წიგნი